000 00986cam a2200229 4500
001 WB3719-14
008 000000n2001 000 0 eng u
035 _a(Sirsi) u112607
245 _aRIBA welcomes funds for sustainable design
260 _c2001
490 _aArchitects' Journal
_v213(18) 10 May 2001, 18(1)
520 _aRIBA has welcomed government's pledge to provide £3m for the construction of energy-efficient buildings that use solar-power. This move will help the UK meet its Kyoto commitment to reducing carbon dioxide levels. It is estimated that, as a result of the first funding round of £1.4m, over 100 homes will have solar panels installed by the end of 2001.
590 _aWB
650 _aRIBA
650 _aSOLAR ENERGY
650 _aKYOTO
650 _aCARBON DIOXIDE EMISSIONS
650 _aGOVERNMENT FUNDING
650 _aSUSTAINABLE ENERGY
690 _aENVIRONMENTAL AND LAND CONSULTANCY-ENERGY-ENERGY USE-ENERGY EFFICIENCY
942 _n0
999 _c67030
_d67030